00217nam a2200085Ia 4500008004100000100002200041245002800063260003200091300000800123201231s9999 xx 000 0 und d aMalayala Manorama 0aManoraama Yearbook 1999 aKottayambMalayala Manorama a800